Desarrollo psicológico (Registro nro. 4975)
[ vista simple ]
| 000 -CABECERA | |
|---|---|
| campo de control de longitud fija | 00833aam a2200313 4500 |
| 005 - FECHA Y HORA DE ACTUALIZACIÓN | |
| campo de control | 20170126142818.0 |
| 008 - LONGITUD FIJA | |
| campo de control de longitud fija | 150423b xxu||||| |||| 00| 0 spa d |
| 041 ## - IDIOMA | |
| Código de idioma del texto/pista de sonido o título separado | |
| 082 ## - CLASIFICACIÓN DECIMAL DEWEY | |
| Número de clasificación | 150 C886d |
| 100 ## - AUTOR PERSONAL | |
| Nombre de persona | Craig, Grace J |
| 100 ## - AUTOR PERSONAL | |
| Nombre de persona | Baucum, Don |
| 245 ## - TÍTULO PROPIAMENTE DICHO | |
| Título | Desarrollo psicológico |
| 260 ## - PIE DE IMPRENTA | |
| Lugar de publicación, distribución, etc. | México |
| Nombre del editor, distribuidor, etc. | Pearson |
| Fecha de publicación, distribución, etc. | 2009 |
| 300 ## - DESCRIPCIÓN FÍSICA | |
| Extensión | 720 páginas |
| 650 ## - Materia General | |
| Materia general | PSICOLOGÍA |
| 650 ## - Materia General | |
| Materia general | DESARROLLO PRENATAL |
| 650 ## - Materia General | |
| Materia general | DESARROLLO HUMANO |
| 650 ## - Materia General | |
| Materia general | ÉTICA |
| 650 ## - Materia General | |
| Materia general | NIÑOS |
| 650 ## - Materia General | |
| Materia general | DESARROLLO FÍSICO |
| 650 ## - Materia General | |
| Materia general | HERENCIA |
| 650 ## - Materia General | |
| Materia general | DESARROLLO DE PERSONALIDAD |
| 650 ## - Materia General | |
| Materia general | ADOLESCENCIA |
| 650 ## - Materia General | |
| Materia general | JUVENTUD |
| 650 ## - Materia General | |
| Materia general | ADULTOS |
| 650 ## - Materia General | |
| Materia general | MADUREZ |
| 650 ## - Materia General | |
| Materia general | VEJEZ |
| 942 ## - Punto de Acceso Adicional Koha | |
| Tipo de ítem Koha | Libro |
| Estado perdido | Estado dañado | No para préstamo | Biblioteca permanente | Biblioteca actual | Signatura completa | Código de barras | Precio efectivo a partir del | Tipo de ítem |
|---|---|---|---|---|---|---|---|---|
| Departamento de Biblioteca y Documentación Alfonso Chase Brenes | Departamento de Biblioteca y Documentación Alfonso Chase Brenes | 150 C886d | 13847 | 26/01/2017 | Libro |